Sabo splnil záchrannú misiu a odchádza

Bibliographic Details
Format: Article
Language:Slovak
ISSN:1210-2423
Subjects:

MARC

LEADER 00000nab a2200000 ar4500
001 vtls011570453
003 SK-MaSNL
005 20260305040845.0
008 160801c2016 xo wr|p|||||||000 b|slo
038 |a PPPK 
040 |a PPPKCL  |b slo  |c PPPKCL  |e AACR2 
041 0 |a slo 
044 |a xo  |c SK 
080 |a 796.332  |2 2011 
080 |a 796.332:061  |2 2011 
245 0 0 |a Sabo splnil záchrannú misiu a odchádza  |c [autor] (mdc) 
610 2 7 |a MŠK Spišské Podhradie  |2 pppkcl  |9 1609459 
610 2 7 |a FK Vysoké Tatry  |2 pppkcl  |9 1043082 
610 2 7 |a MFK Kežmarok  |2 pppkcl  |9 1094021 
650 0 7 |a futbal  |2 pppkcl  |9 3291 
650 0 7 |a futbalové kluby  |2 pppkcl  |9 70395 
651 7 |a Spišské Podhradie (Slovensko)  |2 pppkcl  |9 26697 
651 7 |a Levoča (Slovensko : okres)  |2 pppkcl  |9 30131 
651 7 |a Kežmarok (Slovensko)  |2 pppkcl  |9 26808 
773 0 |t Podtatranské noviny  |g Roč. LVI, č. 29 (2016), s. 5  |x 1210-2423 
852 |a PPPK  |b KIS3GCP 
999 |c 3340697  |d 3342627